Statystyki dla Członkowie rodziny królewskiej z UK. | #4

Kliknij tutaj aby rozwiązać quiz!

Ogólne statystyki

  • Ten quiz został rozwiązany 3 razy
  • Średni wynik to 3 z 6

Statystyki odpowiedzi

Odpowiedź% Poprawnych
Królowa Elżbieta
100%
Król Jerzy VI
67%
Książę Edward, książę Kentu
67%
Król Edward VIII
33%
Królowa Maria Teck
33%
Księżniczka Małgorzata
33%

Rozkład punktacji

Percentyl według liczby udzielonych odpowiedzi

Procent ludzi z każdym wynikiem

Twoja historia wyników

Nie rozwiązałeś tego quizu